Elephants and Kings: (Record no. 185665)

MARC details
000 -LEADER
fixed length control field 00588nam a22001817a 4500
005 - DATE AND TIME OF LATEST TRANSACTION
control field 20220208094623.0
010 ## - LCCN (DPL NO)
LC control number ENG-131450
020 ## - INTERNATIONAL STANDARD BOOK NUMBER
International Standard Book Number 9789178245355
Terms of availability 795.00
035 ## - SYSTEM CONTROL NUMBER
System control number EN-114982
037 ## - SOURCE OF ACQUISITION
Source of stock number/acquisition DBAD
082 ## - DEWEY DECIMAL CLASSIFICATION NUMBER
Classification number 355.424
100 ## - MAIN ENTRY--PERSONAL NAME
Personal name Trautmann, Thomas R.
245 ## - TITLE STATEMENT
Title Elephants and Kings:
Remainder of title An Environmental History/
Statement of responsibility, etc Thomas R. Trautmann
260 ## - PUBLICATION, DISTRIBUTION, ETC. (IMPRINT)
Place of publication, distribution, etc Ranikhet
Name of publisher, distributor, etc Permanent Black
Date of publication, distribution, etc 2015
270 ## - ADDRESS
Address Himalayana Mall Road, Ranikhet Cantt
City Ranikhet
Postal code 263645
Electronic mail address perblack@gmail.com
300 ## - PHYSICAL DESCRIPTION
Extent xiii, 374p.
Other physical details Index
Dimensions 22cm(pbk)
942 ## - ADDED ENTRY ELEMENTS (KOHA)
Source of classification or shelving scheme Dewey Decimal Classification
Item type English Books
Classification part 355.424
Call number suffix TRA
Holdings
Withdrawn status Lost status Not for loan Collection code Home library Current library Date acquired Source of acquisition Cost, normal purchase price Full call number Barcode Copy number Cost, replacement price Koha item type
      Non-fiction Patel Nagar Patel Nagar 08/02/2022 DBAD/PUB 795.00 355.424 TRA EN-114982 1 795.00 English Books

© Delhi Public Library
Hit Counter
free hit counter